[Event "Titled Tuesday intern op 02nd Apr Early"]
[Site "Chess.com INT"]
[Date "2024.04.02"]
[Round "8"]
[White "Bartel, Michal"]
[Black "Senft, Sean"]
[Result "1-0"]
[WhiteElo "2252"]
[BlackElo "2054"]
[PlyCount "51"]
[EventDate "2024.04.02"]
[EventType "swiss (blitz)"]
[EventRounds "11"]
[EventCountry "USA"]
[SourceTitle "CB15_2024"]
[SourceDate "2024.04.10"]
[SourceVersion "1"]
[SourceVersionDate "2024.04.10"]
[SourceQuality "1"]

1. e4 c5 2. Ne2 d6 3. g3 Nf6 4. Bg2 Nc6 5. c3 h5 6. h3 h4 7. g4 e5 8. d4 exd4 9. cxd4 cxd4 10. Nxd4 Qb6 11. Nb3 Be6 12. Be3 Qb4+ 13. N1d2 Ne5 14. 0-0 Nexg4 15. hxg4 Bxg4 16. Bf3 Be6 17. a3 Qb5 18. Nd4 Qe5 19. Nxe6 fxe6 20. Nc4 Qb5 21. Nxd6+ Bxd6 22. Qxd6 h3 23. Qxe6+ Kf8 24. Rac1 h2+ 25. Kh1 Rd8 26. Bc5+ 1-0

[Event "Titled Tuesday intern op 02nd Apr Early"]
[Site "Chess.com INT"]
[Date "2024.04.02"]
[Round "3"]
[White "Senft, Sean"]
[Black "Slate, Kent"]
[Result "1-0"]
[WhiteElo "2054"]
[BlackElo "2087"]
[PlyCount "55"]
[EventDate "2024.04.02"]
[EventType "swiss (blitz)"]
[EventRounds "11"]
[EventCountry "USA"]
[SourceTitle "CB15_2024"]
[SourceDate "2024.04.10"]
[SourceVersion "1"]
[SourceVersionDate "2024.04.10"]
[SourceQuality "1"]

1. d4 Nf6 2. c4 e6 3. Nc3 d5 4. cxd5 exd5 5. Bg5 Nbd7 6. e3 c6 7. Nf3 Bd6 8. Bd3 0-0 9. Qc2 h6 10. Bh4 Re8 11. h3 b5 12. 0-0-0 a5 13. g4 Be7 14. g5 hxg5 15. Nxg5 Ne4 16. Bxe4 Bxg5 17. Bxg5 Qxg5 18. Rdg1 Qh6 19. Bd3 Rb8 20. Rg3 c5 21. Rhg1 Nf6 22. Rxg7+ Kh8 23. Nxd5 Nxd5 24. Rh7+ Qxh7 25. Bxh7 Nb4 26. Qe2 f5 27. Qh5 Re7 28. Bxf5+ 1-0

[Event "Titled Tuesday intern op 13th Feb Late"]
[Site "Chess.com INT"]
[Date "2024.02.13"]
[Round "2"]
[White "Christensen, Thomas1"]
[Black "Senft, Sean"]
[Result "0-1"]
[WhiteElo "2174"]
[BlackElo "2137"]
[PlyCount "50"]
[EventDate "2024.02.13"]
[EventType "swiss (blitz)"]
[EventRounds "11"]
[EventCountry "USA"]
[SourceTitle "CB08_2024"]
[SourceDate "2024.02.21"]
[SourceVersion "1"]
[SourceVersionDate "2024.02.21"]
[SourceQuality "1"]

1. d4 d6 2. e4 g6 3. Nc3 Bg7 4. f4 c5 5. Nf3 cxd4 6. Nxd4 Nc6 7. Nxc6 bxc6 8. Be3 Nf6 9. Bd3 0-0 10. 0-0 Bb7 11. Qe1 c5 12. f5 Rc8 13. Qh4 c4 14. Be2 Qa5 15. Rf3 h5 16. Rg3 Kh7 17. Qg5 Kh8 18. Qh4 Qe5 19. Bf3 d5 20. Rg5 Bh6 21. Bxh5 Bxg5 22. Bxg5 Nxh5 23. g4 Qd4+ 24. Kf1 f6 25. fxg6 fxg5+ 0-1

[Event "Titled Tuesday intern op 13th Feb Early"]
[Site "Chess.com INT"]
[Date "2024.02.13"]
[Round "9"]
[White "Senft, Sean"]
[Black "Doshi, Moksh Amitbhai"]
[Result "0-1"]
[WhiteElo "2137"]
[BlackElo "2353"]
[PlyCount "48"]
[EventDate "2024.02.13"]
[EventType "swiss (blitz)"]
[EventRounds "11"]
[EventCountry "USA"]
[SourceTitle "CB08_2024"]
[SourceDate "2024.02.21"]
[SourceVersion "1"]
[SourceVersionDate "2024.02.21"]
[SourceQuality "1"]

1. d4 Nf6 2. c4 g6 3. Nc3 d5 4. Bg5 Bg7 5. e3 0-0 6. Nf3 Ne4 7. Bh4 Nxc3 8. bxc3 c5 9. cxd5 cxd4 10. cxd4 Qxd5 11. Bxe7 Re8 12. Bb4 Nc6 13. Bc3 Bg4 14. Be2 Rac8 15. 0-0 Ne5 16. Nxe5 Bxe2 17. Qxe2 Bxe5 18. Qd2 Bd6 19. Rfc1 Rc4 20. Bb2 Bb4 21. Qd1 b5 22. h3 Rec8 23. Qb3 a5 24. a4 Rxc1+ 0-1

[Event "Titled Tuesday intern op 13th Feb Early"]
[Site "Chess.com INT"]
[Date "2024.02.13"]
[Round "7"]
[White "Wu, Derek"]
[Black "Senft, Sean"]
[Result "1-0"]
[WhiteElo "2295"]
[BlackElo "2137"]
[PlyCount "111"]
[EventDate "2024.02.13"]
[EventType "swiss (blitz)"]
[EventRounds "11"]
[EventCountry "USA"]
[SourceTitle "CB08_2024"]
[SourceDate "2024.02.21"]
[SourceVersion "1"]
[SourceVersionDate "2024.02.21"]
[SourceQuality "1"]

1. d4 d5 2. Bf4 Nf6 3. Nc3 c6 4. e3 Bf5 5. Bd3 Bxd3 6. cxd3 e6 7. Nf3 Bd6 8. Bxd6 Qxd6 9. Qb3 b6 10. 0-0 Nbd7 11. Rac1 0-0 12. e4 Qe7 13. Rfe1 Rfe8 14. exd5 cxd5 15. Nb5 Red8 16. Ne5 Nxe5 17. dxe5 Ne8 18. d4 a6 19. Nc3 Qb7 20. Na4 Rab8 21. Re3 Nc7 22. Nc3 Rdc8 23. Rd1 b5 24. h4 Na8 25. Ne2 Nb6 26. Rg3 Rc4 27. Qe3 Qe7 28. Qh6 Qf8 29. Nf4 Kh8 30. Qg5 Rbc8 31. Nh5 g6 32. Nf6 R4c7 33. b3 Nd7 34. Ng4 h5 35. Ne3 Kh7 36. Rf3 Nb6 37. Kh2 Qh6 38. Qg3 Kg8 39. Rf6 Nd7 40. Rf4 Nf8 41. Qf3 Rc3 42. Rxf7 R8c7 43. Rf6 Rd7 44. g3 Rcc7 45. Ng2 Rf7 46. Nf4 Rxf6 47. exf6 Rf7 48. Nxe6 Nxe6 49. Qxd5 Rxf6 50. Re1 Kf7 51. Qd7+ Kf8 52. Rxe6 Rxe6 53. Qxe6 Qd2 54. Qf6+ Ke8 55. Qxg6+ Ke7 56. Qg5+ 1-0

[Event "Titled Tuesday intern op 23rd Jan Late"]
[Site "Chess.com INT"]
[Date "2024.01.23"]
[Round "3"]
[White "Senft, Sean"]
[Black "Perske, Thore"]
[Result "1-0"]
[WhiteElo "2107"]
[BlackElo "2449"]
[PlyCount "81"]
[EventDate "2024.01.23"]
[EventType "swiss (blitz)"]
[EventRounds "11"]
[EventCountry "USA"]
[SourceTitle "CB05_2024"]
[SourceDate "2024.01.31"]
[SourceVersion "1"]
[SourceVersionDate "2024.01.31"]
[SourceQuality "1"]

1. d4 Nf6 2. c4 g6 3. Nc3 Bg7 4. e4 d6 5. f4 0-0 6. Nf3 c5 7. d5 e6 8. Be2 exd5 9. exd5 Re8 10. 0-0 Bf5 11. Bd3 Bxd3 12. Qxd3 Nbd7 13. f5 Ng4 14. Bg5 Bf6 15. fxg6 hxg6 16. Ne4 Bxg5 17. Nfxg5 f5 18. Ne6 Nde5 19. Qh3 Rxe6 20. dxe6 fxe4 21. Rf7 Nxf7 22. exf7+ Kxf7 23. Qxg4 Qe7 24. h4 Rh8 25. Rf1+ Kg7 26. Rf4 Re8 27. h5 Qe6 28. Qg5 e3 29. hxg6 Qxg6 30. Qh4 e2 31. Qe1 Re4 32. Rf3 Rxc4 33. Qxe2 Re4 34. Qf2 Rg4 35. Re3 Qg5 36. Re8 Qc1+ 37. Kh2 Qh6+ 38. Kg1 Qg5 39. Qf8+ Kg6 40. Re6+ Kh5 41. Qh8+ 1-0

[Event "Titled Tuesday intern op 16th Jan Late"]
[Site "Chess.com INT"]
[Date "2024.01.16"]
[Round "3"]
[White "Senft, Sean"]
[Black "Rosen, Eric S"]
[Result "0-1"]
[WhiteElo "2107"]
[BlackElo "2361"]
[PlyCount "68"]
[EventDate "2024.01.16"]
[EventType "swiss (blitz)"]
[EventRounds "11"]
[EventCountry "USA"]
[SourceTitle "CB04_2024"]
[SourceDate "2023.10.16"]
[SourceVersion "1"]
[SourceVersionDate "2023.10.16"]
[SourceQuality "1"]

1. d4 d5 2. c4 e6 3. Nc3 Nf6 4. cxd5 exd5 5. Bg5 c6 6. e3 h6 7. Bh4 Bd6 8. Bd3 0-0 9. Qc2 Re8 10. Nf3 Be6 11. Ne5 c5 12. 0-0 cxd4 13. exd4 Nc6 14. Nxc6 bxc6 15. Bg3 Bxg3 16. hxg3 Ng4 17. Na4 Qg5 18. Be2 Bf5 19. Qd1 Rxe2 20. Qxe2 Qh5 21. Qxg4 Bxg4 22. Rfe1 f6 23. Re7 Re8 24. Rae1 Rxe7 25. Rxe7 a5 26. Ra7 Qf5 27. Nc5 Qb1+ 28. Kh2 Qe1 29. Nd3 Qd2 30. Nf4 Qxf2 31. Rxa5 Qxd4 32. Ra8+ Kh7 33. a4 g5 34. Ra7+ Qxa7 0-1

[Event "Titled Tuesday intern op 16th Jan Late"]
[Site "Chess.com INT"]
[Date "2024.01.16"]
[Round "5"]
[White "Yagupov, Igor"]
[Black "Senft, Sean"]
[Result "1-0"]
[WhiteElo "2290"]
[BlackElo "2107"]
[PlyCount "99"]
[EventDate "2024.01.16"]
[EventType "swiss (blitz)"]
[EventRounds "11"]
[EventCountry "USA"]
[SourceTitle "CB04_2024"]
[SourceDate "2023.10.16"]
[SourceVersion "1"]
[SourceVersionDate "2023.10.16"]
[SourceQuality "1"]

1. Nf3 d5 2. d4 Nf6 3. c4 c6 4. Nc3 a6 5. c5 Nbd7 6. Bf4 Nh5 7. e3 Nxf4 8. exf4 Nf6 9. Ne5 g6 10. Bd3 Bg7 11. 0-0 0-0 12. Re1 Kh8 13. b4 Bf5 14. f3 Bxd3 15. Qxd3 Ne8 16. a4 Nc7 17. f5 Qc8 18. fxg6 hxg6 19. b5 axb5 20. axb5 Rxa1 21. Rxa1 Bxe5 22. dxe5 Ne6 23. bxc6 bxc6 24. Qe3 Kg7 25. Ne2 Qb8 26. Nd4 Nxd4 27. Qxd4 e6 28. Ra6 Qb1+ 29. Kf2 Qc2+ 30. Kg3 Rc8 31. Ra7 Qe2 32. Qf4 Rf8 33. Qf6+ Kg8 34. Rc7 Qb5 35. Qe7 Qe2 36. Qg5 Qb5 37. h4 Qxc5 38. h5 Qc2 39. h6 Qf5 40. Qxf5 gxf5 41. Kh4 Kh7 42. Kh5 Rg8 43. g4 fxg4 44. fxg4 Rf8 45. g5 Kg8 46. Rxc6 Rb8 47. g6 fxg6+ 48. Kxg6 Re8 49. Rd6 Kh8 50. Rd7 1-0

[Event "Titled Tuesday intern op 09th Jan Early"]
[Site "Chess.com INT"]
[Date "2024.01.09"]
[Round "6"]
[White "Senft, Sean"]
[Black "Kiseleva, Simona"]
[Result "0-1"]
[WhiteElo "2107"]
[BlackElo "2174"]
[PlyCount "100"]
[EventDate "2024.01.09"]
[EventType "swiss (blitz)"]
[EventRounds "11"]
[EventCountry "USA"]
[SourceTitle "CB03_2024"]
[SourceDate "2024.01.17"]
[SourceVersion "1"]
[SourceVersionDate "2024.01.17"]
[SourceQuality "1"]

1. d4 Nf6 2. c4 e6 3. Nc3 Bb4 4. Nf3 b6 5. Bg5 Bb7 6. e3 Bxc3+ 7. bxc3 d6 8. Bd3 Nbd7 9. Qc2 h6 10. Bh4 0-0 11. 0-0 Qe8 12. Nd2 e5 13. Rae1 e4 14. Be2 a5 15. f3 a4 16. Kh1 Ra5 17. d5 exf3 18. Bxf3 Qe5 19. Qd3 Nc5 20. Qe2 Nce4 21. Nxe4 Nxe4 22. Bxe4 Qxe4 23. Rf4 Qe5 24. Rg4 Qxc3 25. Rf1 f5 26. Rg6 Ba6 27. Qf3 Bxc4 28. Be1 Qe5 29. Bxa5 Bxf1 30. Bd2 Bc4 31. h3 Bxd5 32. Qh5 Bf7 33. Qxh6 Bxg6 34. Qxg6 Qf6 35. Qg3 Qa1+ 36. Be1 Qe5 37. Qf2 Re8 38. Bd2 b5 39. a3 c5 40. Kg1 Qa1+ 41. Kh2 Qe5+ 42. g3 Qe4 43. Bc3 d5 44. Qb2 d4 45. exd4 Qe2+ 46. Qxe2 Rxe2+ 47. Kg1 Re3 48. Bb2 cxd4 49. Bxd4 Rxa3 50. Kf2 Rb3 0-1

[Event "Titled Tuesday intern op 19th Dec Early"]
[Site "Chess.com INT"]
[Date "2023.12.19"]
[Round "7"]
[White "Kostiukov, Alexandr"]
[Black "Senft, Sean"]
[Result "1-0"]
[WhiteElo "2271"]
[BlackElo "2107"]
[PlyCount "104"]
[EventDate "2023.12.19"]
[EventType "swiss (blitz)"]
[EventRounds "11"]
[EventCountry "USA"]
[SourceTitle "CB52_2023"]
[SourceDate "2023.12.27"]
[SourceVersion "1"]
[SourceVersionDate "2023.12.27"]
[SourceQuality "1"]

1. g3 d5 2. Bg2 Nf6 3. d3 c6 4. e4 dxe4 5. dxe4 Qxd1+ 6. Kxd1 g6 7. f3 Bg7 8. c3 0-0 9. Be3 Nbd7 10. Nd2 Nb6 11. Ke2 Be6 12. Bh3 Bxh3 13. Nxh3 Rfd8 14. a4 Ne8 15. a5 Nd7 16. Nc4 Nc7 17. Rhd1 Ne6 18. Nf4 Nxf4+ 19. Bxf4 e5 20. Bg5 f6 21. Be3 Bf8 22. b4 Kf7 23. Nd6+ Bxd6 24. Rxd6 Ke7 25. Rad1 a6 26. f4 exf4 27. gxf4 Nf8 28. Bc5 Rxd6 29. Rxd6 Ne6 30. Rxc6+ Nxc5 31. Rxc5 Kd6 32. Rd5+ Ke6 33. c4 Rc8 34. c5 Rg8 35. Rd6+ Ke7 36. Rb6 Rb8 37. c6 Kd6 38. cxb7+ Kc7 39. Kd3 Rxb7 40. Rxb7+ Kxb7 41. e5 fxe5 42. fxe5 g5 43. Ke4 h5 44. Kf5 g4 45. Kg5 Kc6 46. e6 Kd6 47. b5 axb5 48. a6 b4 49. a7 b3 50. a8Q b2 51. Qb7 b1Q 52. Qxb1 Kxe6 1-0

[Event "Titled Tuesday intern op 19th Dec Early"]
[Site "Chess.com INT"]
[Date "2023.12.19"]
[Round "4"]
[White "Senft, Sean"]
[Black "Rozman, Levy"]
[Result "0-1"]
[WhiteElo "2107"]
[BlackElo "2322"]
[PlyCount "102"]
[EventDate "2023.12.19"]
[EventType "swiss (blitz)"]
[EventRounds "11"]
[EventCountry "USA"]
[SourceTitle "CB52_2023"]
[SourceDate "2023.12.27"]
[SourceVersion "1"]
[SourceVersionDate "2023.12.27"]
[SourceQuality "1"]

1. d4 d5 2. c4 dxc4 3. e3 e5 4. Nf3 exd4 5. Qxd4 Bb4+ 6. Bd2 Bxd2+ 7. Nbxd2 Qxd4 8. Nxd4 a6 9. Bxc4 Nf6 10. Rc1 c5 11. N4b3 b5 12. Be2 c4 13. Bf3 Ra7 14. Nd4 0-0 15. a4 Bd7 16. 0-0 Rc7 17. axb5 Bxb5 18. Nb1 Nbd7 19. Nc3 Rb8 20. Rc2 Ne5 21. Be2 Rcb7 22. Rd1 g6 23. h3 Rc8 24. Rcd2 Kg7 25. Nf3 Re7 26. Nxe5 Rxe5 27. Rd8 Re8 28. Rxe8 Nxe8 29. Rd5 Nf6 30. Rd6 Rb8 31. Kf1 Ne8 32. Rd5 Nc7 33. Rc5 Ne6 34. Rd5 Kf6 35. Rd6 Ke7 36. Rd1 Nc5 37. Ke1 Bc6 38. Ra1 Bxg2 39. Bxc4 Rxb2 40. Bxa6 Nxa6 41. Rxa6 Bxh3 42. Ra7+ Kf6 43. Nd5+ Kg7 44. Nf4 Bf5 45. Kf1 Be4 46. Ne6+ Kf6 47. Nd4 h5 48. Ra6+ Kg7 49. Ra7 h4 50. Kg1 Rb1+ 51. Kh2 Rh1# 0-1